00648nam a2200217Ia 4500003000900000008004100009040001300050040001300063041000800076100002100084245004300105250001000148260001400158260000900172300001100181300001000192490000600202942000700208999001700215952019800232IT-RoPAU120407s9999 xx 000 0 und d aIT-RoPAU cIT-RoPAU aita aGérard Philips aLe ròle du laicat dans l’Eglise.  aParis aCasterman c1954 a248 p. c21 cm v1 cBK c30300d30300 00102ddc406237_50000000000000071aPAULUSbPAULUSd2012-04-11l0o237.5r2012-04-11 00:00:00w2012-04-11yBKzInserito da: Mario In data: 19 settembre 2011 fondo: Via A.Severo 56 Progr:23778